书目信息 |
| 题名: |
农业信息技术
|
|
| 作者: | 李军 主编 | |
| 分册: | ||
| 出版信息: | 北京 科学出版社 2010 |
|
| 页数: | 283页 | |
| 开本: | 26cm | |
| 丛书名: | ||
| 单 册: | ||
| 中图分类: | S126 | |
| 科图分类: | ||
| 主题词: | 信息技术--应用--农业--高等教育--教材 , 信息技术 , 农业 | |
| 电子资源: | ||
| ISBN: | 978-7-03-028739-7 | |
| 000 | 01009nam0 2200289 45 | |
| 001 | 1132113015 | |
| 005 | 20110314092119.53 | |
| 010 | @a978-7-03-028739-7@dCNY35.00 | |
| 100 | @a20110121e2010 em y0chiy50 ea | |
| 101 | 0 | @achi |
| 102 | @aCN@b110000 | |
| 105 | @aa z 000yy | |
| 106 | @ar | |
| 200 | 1 | @a农业信息技术@ANong Ye Xin Xi Ji Shu@f李军主编@FLi Jun Zhu Bian |
| 205 | @a2版 | |
| 210 | @a北京@c科学出版社@d2010 | |
| 215 | @a283页@c图@d26cm@e附光盘1片 | |
| 300 | @a普通高等教育“十一五”国家级规划教材 | |
| 307 | @a附光盘: ISBN 978-7-89445-203-0 | |
| 330 | @a本书共分9章,主要介绍农业信息技术概述、农业信息采集、农业数据库系统、农业遥感监测、地理信息系统、作物模拟模型、农业专家系统、精确农业技术和农业信息网络的技术原理、应用现状与发展趋势。 | |
| 606 | 0 | @a信息技术@x应用@x农业@x高等教育@j教材 |
| 606 | 0 | @a信息技术 |
| 606 | 0 | @a农业 |
| 690 | @aS126@v4 | |
| 701 | 0 | @a李军@ALi Jun@c(农作学,@f1964~)@4主编 |
| 801 | 0 | @aCN@bTANGWEI@c20110314 |
| 905 | @b0532746-49@dS126@e73=2@f4 | |
| 农业信息技术/李军主编.-2版.-北京:科学出版社,2010 |
| 283页:图;26cm+附光盘1片 |
| 普通高等教育“十一五”国家级规划教材 |
| ISBN 978-7-03-028739-7:CNY35.00 |
| 本书共分9章,主要介绍农业信息技术概述、农业信息采集、农业数据库系统、农业遥感监测、地理信息系统、作物模拟模型、农业专家系统、精确农业技术和农业信息网络的技术原理、应用现状与发展趋势。 |
| ● |
| 相关链接 |
|
|
|
|
正题名:农业信息技术
索取号:S126/73=2
 
预约/预借
| 序号 | 登录号 | 条形码 | 馆藏地/架位号 | 状态 | 备注 |
| 1 | 0532746 | 205327467 | 第二样本阅览室/ [索取号:S126/73=2] | 在馆 | |
| 2 | 0532747 | 205327476 | 第三借阅区/ [索取号:S126/73=2] | 在馆 | |
| 3 | 0532748 | 205327485 | 第三借阅区/ [索取号:S126/73=2] | 在馆 | |
| 4 | 0532749 | 205327494 | 第三借阅区/ [索取号:S126/73=2] | 在馆 |